Normal view
MARC view
- Ladhanvi, Abdul Ghafur Azhar
Entry Personal Name
001 - CONTROL NUMBER
- control field: 16007
003 - CONTROL NUMBER IDENTIFIER
- control field: NUST
005 - DATE AND TIME OF LATEST TRANSACTION
- control field: 20190629072253.0
008 - FIXED-LENGTH DATA ELEMENTS
- fixed length control field: 190629|| aca||aabn | a|a d
040 ## - CATALOGING SOURCE
- Original cataloging agency: NUST
- Transcribing agency: NUST
100 ## - HEADING--PERSONAL NAME
- Personal name: Ladhanvi, Abdul Ghafur Azhar
670 ## - SOURCE DATA FOUND
- Source citation: Work cat.: (NUST): Ladhanvi, Abdul Ghafur Azhar, Naginay Punjabi Aakhan /, 1991.
